[Event "GER Seniors Derby 09th"]
[Site "Wesel Undeloh"]
[Date "2010.04.08"]
[Round "1.7"]
[White "Glasewald, Stefan"]
[Black "Krause, Jakob"]
[Result "1-0"]
[WhiteElo "1975"]
[BlackElo "1631"]
[PlyCount "57"]
[EventDate "2010.04.08"]
[EventType "swiss"]
[EventRounds "7"]
[EventCountry "GER"]
[SourceTitle "EXT 2022"]
[Source "ChessBase"]
[SourceDate "2021.10.06"]
[SourceVersion "1"]
[SourceVersionDate "2021.10.06"]
[SourceQuality "1"]

1. d4 d5 2. Nc3 Nf6 3. Bg5 e6 4. e4 dxe4 5. Nxe4 Be7 6. Bxf6 Bxf6 7. Nf3 Nd7 8. c3 a6 9. Bd3 b6 10. h4 h6 11. Qa4 Bb7 12. 0-0-0 b5 13. Qc2 Be7 14. Rh3 Nf6 15. Nxf6+ Bxf6 16. Be4 Bxe4 17. Qxe4 Qd5 18. Qxd5 exd5 19. Re1+ Kf8 20. Ne5 Rd8 21. Rf3 Bxe5 22. Rxe5 f6 23. Re6 Rd6 24. Rfe3 Rxe6 25. Rxe6 Kf7 26. Rxa6 Re8 27. Kd2 Kg6 28. Rc6 Re7 29. Rc5 1-0